Géographie par image - J - Statistiques

Statistiques générales
  • Ce quiz a été pris 9 201 fois
  • Le résultat moyen est 9 sur 18
Statistiques - réponses
Par images Hint Réponse % Correct
pays Jamaïque
97%
pays Japon
96%
le plus grand félin des Amériques Jaguar
93%
pays Jordanie
93%
ville Jérusalem
83%
capitale Jakarta
65%
ville Johannesbourg
65%
île Java
62%
île Jersey
61%
péninsule Jutland
28%
fleuve Jourdain
21%
capitale d'un état américain Juneau
21%
plus vieille ville du monde? Jéricho
18%
religion Jainisme
13%
île Jeju
12%
ville indienne Jodhpur
11%
état Jalisco
10%
parc national en Californie Joshua Tree
10%
Aucun quiz correspondant
Distribution des résultats
% des personnes avec chaque résultat
Percentile par nombre de réponses
Votre historique - résultats
Vous n’avez pas pris ce quiz